00469nam a2200181 a 4500001001300000003000900013005001700022008004100039020002300080082001700103100001800120245003000138260003200168300000900200500003500209650002500244700001800269nice12345678IN_TiNIC20260116014617.0050524s2000 newa grp 000 0 eng  a0826412769 c20000a370.115bFRE aFreire, Paulo aPedagogy of the Oppressed aNew York bContinuum c2000 a183p aincludes index and biblioraphy aEducation-Philosophy1 aFreire, Paulo